[Event "Murmansk ChessMates 4th"]
[Site "Murmansk"]
[Date "2020.03.14"]
[Round "4.2"]
[White "Rachid, Alexandre"]
[Black "Glukhov, Dmitriy"]
[Result "0-1"]
[WhiteElo "2099"]
[BlackElo "2012"]
[PlyCount "78"]
[EventDate "2020.03.13"]
[EventType "team-tourn"]
[EventRounds "5"]
[EventCountry "RUS"]
[SourceTitle "CBM 195 Extra"]
[Source "ChessBase"]
[SourceDate "2020.05.31"]
[SourceVersion "1"]
[SourceVersionDate "2020.05.31"]
[SourceQuality "1"]
[WhiteTeam "Ile de France Youth"]
[BlackTeam "Leningrad Region"]
[WhiteTeamCountry "FRA"]
[BlackTeamCountry "RUS"]

1. e4 c5 2. Nc3 Nc6 3. Bb5 Nd4 4. Bc4 e6 5. Nf3 Ne7 6. Nxd4 cxd4 7. Ne2 Nc6 8. 0-0 d5 9. exd5 exd5 10. Bb5 Bd6 11. Nxd4 Bxh2+ 12. Kxh2 Qh4+ 13. Kg1 Qxd4 14. c3 Qc5 15. Ba4 0-0 16. d4 Qd6 17. Qf3 Ne7 18. Bg5 Ng6 19. Bb3 Be6 20. Qd3 f6 21. Bd2 f5 22. f4 Kh8 23. Rae1 Bd7 24. Qf3 Bc6 25. g3 Rae8 26. Bc2 Bd7 27. Kf2 Re4 28. Qh5 h6 29. Rxe4 fxe4 30. Bb3 Rf5 31. Qh2 Rf6 32. Kg2 Bg4 33. Be3 Ne7 34. Kg1 Nf5 35. Qf2 Rg6 36. Kh2 Bf3 37. Rg1 Rg4 38. Qe1 Qg6 39. Qf1 Rxg3 0-1

[Event "Murmansk ChessMates 4th"]
[Site "Murmansk"]
[Date "2020.03.13"]
[Round "2.1"]
[White "Aga, Rihard"]
[Black "Glukhov, Dmitriy"]
[Result "1-0"]
[WhiteElo "2054"]
[BlackElo "2012"]
[PlyCount "99"]
[EventDate "2020.03.13"]
[EventType "team-tourn"]
[EventRounds "5"]
[EventCountry "RUS"]
[SourceTitle "CBM 195 Extra"]
[Source "ChessBase"]
[SourceDate "2020.05.31"]
[SourceVersion "1"]
[SourceVersionDate "2020.05.31"]
[SourceQuality "1"]
[WhiteTeam "Estonia Maletaht"]
[BlackTeam "Leningrad Region"]
[WhiteTeamCountry "EST"]
[BlackTeamCountry "RUS"]

1. d4 Nf6 2. c4 e6 3. Nc3 Bb4 4. Qc2 0-0 5. Nf3 d5 6. e3 Re8 7. a3 Bf8 8. c5 Nbd7 9. Be2 e5 10. dxe5 Nxe5 11. Nxe5 Rxe5 12. Nb5 c6 13. Nd4 a5 14. Rb1 a4 15. Bd2 Ne4 16. Bb4 Qf6 17. 0-0 Bf5 18. Bd3 Bg6 19. f4 Ree8 20. f5 Bh5 21. Rf4 Qe5 22. Bxe4 dxe4 23. g4 g5 24. Rf2 Bxg4 25. Rg2 Bxf5 26. Rxg5+ Bg6 27. Rxe5 Rxe5 28. b3 axb3 29. Qxb3 Rg5+ 30. Kf2 Rd8 31. Rg1 Rh5 32. Rg2 Bg7 33. Qc4 Rdd5 34. Ne2 Rhf5+ 35. Nf4 Rde5 36. Ke2 Kh8 37. Nxg6+ hxg6 38. Bc3 Rxc5 39. Bxg7+ Kxg7 40. Qxe4 b5 41. Rf2 Rxf2+ 42. Kxf2 Rc1 43. Qe5+ Kf8 44. Kf3 Rc4 45. e4 Kg8 46. Kf4 Rc2 47. Kg5 Kf8 48. Kh6 Rc4 49. Qd6+ Ke8 50. Kg7 1-0

[Event "Moscow Time of the First U13"]
[Site "Moscow"]
[Date "2019.06.17"]
[Round "1"]
[White "Glukhov, Dmitriy"]
[Black "Isaykin, Valery"]
[Result "0-1"]
[WhiteElo "2063"]
[BlackElo "1483"]
[PlyCount "64"]
[EventDate "2019.06.17"]
[EventType "swiss"]
[EventRounds "9"]
[EventCountry "RUS"]
[SourceTitle "EXT 2021"]
[Source "ChessBase"]
[SourceDate "2020.10.23"]
[SourceVersion "1"]
[SourceVersionDate "2020.10.23"]
[SourceQuality "1"]

1. e4 c5 2. Nf3 e6 3. Nc3 a6 4. Bc4 Qc7 5. 0-0 d6 6. Re1 Nc6 7. d3 Nge7 8. a3 Ng6 9. Be3 Be7 10. Qd2 0-0 11. Bg5 b5 12. Bb3 Bb7 13. Bxe7 Qxe7 14. Qg5 Qxg5 15. Nxg5 Nd4 16. Rac1 Nxb3 17. cxb3 Ne5 18. Rcd1 h6 19. Nf3 Nxf3+ 20. gxf3 e5 21. a4 b4 22. Ne2 f5 23. Ng3 f4 24. Nf5 Rxf5 25. exf5 Bxf3 26. Rd2 Rf8 27. h3 Rxf5 28. Kh2 Bd5 29. a5 Bxb3 30. Kg1 Rh5 31. Kh2 Be6 32. f3 Rxh3+ 0-1

[Event "Chigorin Memorial 23rd"]
[Site "St Petersburg"]
[Date "2015.10.08"]
[Round "6"]
[White "Kopasov, Evgeny Aleksandrovi"]
[Black "Glukhov, Dmitriy"]
[Result "0-1"]
[WhiteElo "2050"]
[BlackElo "1893"]
[PlyCount "72"]
[EventDate "2015.10.03"]
[EventType "swiss"]
[EventRounds "9"]
[EventCountry "RUS"]
[SourceTitle "CBM 168 Extra"]
[Source "ChessBase"]
[SourceDate "2015.10.29"]
[SourceVersion "1"]
[SourceVersionDate "2015.10.29"]
[SourceQuality "1"]

1. d4 Nf6 2. Nf3 e6 3. Bg5 Be7 4. e3 d5 5. c4 0-0 6. Nc3 c6 7. Qc2 Nbd7 8. cxd5 exd5 9. Bd3 Re8 10. 0-0 Nf8 11. Rae1 Ng6 12. e4 dxe4 13. Nxe4 Nxe4 14. Bxe7 Rxe7 15. Rxe4 Rxe4 16. Bxe4 Be6 17. Re1 Bd5 18. a3 Qd6 19. Qc5 Qxc5 20. dxc5 Bxe4 21. Rxe4 Rd8 22. Rd4 Rxd4 23. Nxd4 Ne5 24. Kf1 Nc4 25. b4 Nxa3 26. Ke2 Nb5 27. Nb3 b6 28. Kd3 f6 29. f4 g6 30. Kc4 Kf7 31. g4 Ke6 32. Nc1 Nc7 33. Ne2 b5+ 34. Kb3 Kd5 35. g5 f5 36. Ng3 Ke6 0-1

[Event "Chigorin Memorial 23rd"]
[Site "St Petersburg"]
[Date "2015.10.07"]
[Round "5"]
[White "Glukhov, Dmitriy"]
[Black "Khadzhiev, Valery"]
[Result "0-1"]
[WhiteElo "1893"]
[BlackElo "2195"]
[PlyCount "106"]
[EventDate "2015.10.03"]
[EventType "swiss"]
[EventRounds "9"]
[EventCountry "RUS"]
[SourceTitle "CBM 168 Extra"]
[Source "ChessBase"]
[SourceDate "2015.10.29"]
[SourceVersion "1"]
[SourceVersionDate "2015.10.29"]
[SourceQuality "1"]

1. d4 d5 2. Nf3 Nf6 3. g3 e6 4. Bg2 Be7 5. 0-0 0-0 6. c4 Nbd7 7. Qc2 c5 8. Nbd2 Qb6 9. Nb3 cxd4 10. Nfxd4 Ne5 11. cxd5 Nxd5 12. e4 Nb4 13. Qe2 Qa6 14. Qxa6 Nxa6 15. f4 Nc4 16. Rd1 e5 17. fxe5 Nxe5 18. Nf5 Bf6 19. Be3 g6 20. Nd6 b6 21. h3 Nb4 22. Rd2 Ba6 23. Nd4 Rfd8 24. N4b5 Rd7 25. Rad1 Rad8 26. Nc3 Nbd3 27. Ndb5 Nc4 28. Re2 Nxe3 29. Rxe3 Nxb2 30. Rxd7 Rxd7 31. Nd5 Be5 32. Rb3 Na4 33. Kh2 Kg7 34. h4 Nc5 35. Rb1 h6 36. Bf3 h5 37. Bg2 Nd3 38. Nbc3 Nf2 39. Rc1 Ng4+ 40. Kh3 Bc4 41. Bf3 Nf6 42. Nxf6 Bxf6 43. a3 Rd3 44. Ne2 Be6+ 45. Kg2 Rxa3 46. Nf4 Ra2+ 47. Kh1 Bg4 48. Bg2 Be5 49. Rc6 Bxf4 50. gxf4 Rb2 51. e5 Be6 52. Rc7 a5 53. Bc6 Rb4 0-1

[Event "Chigorin Memorial 23rd"]
[Site "St Petersburg"]
[Date "2015.10.03"]
[Round "1"]
[White "Glukhov, Dmitriy"]
[Black "Shemeakin, Alexander"]
[Result "0-1"]
[WhiteElo "1893"]
[BlackElo "2275"]
[PlyCount "94"]
[EventDate "2015.10.03"]
[EventType "swiss"]
[EventRounds "9"]
[EventCountry "RUS"]
[SourceTitle "CBM 168 Extra"]
[Source "ChessBase"]
[SourceDate "2015.10.29"]
[SourceVersion "1"]
[SourceVersionDate "2015.10.29"]
[SourceQuality "1"]

1. d4 Nf6 2. c4 e6 3. Nc3 Bb4 4. e3 0-0 5. Bd3 d5 6. Nf3 c5 7. 0-0 Nc6 8. a3 Bxc3 9. bxc3 b6 10. cxd5 exd5 11. c4 cxd4 12. cxd5 Qxd5 13. exd4 Bg4 14. Bb2 Bxf3 15. Qxf3 Qxf3 16. gxf3 Rfd8 17. Rfd1 Nd5 18. Be4 g6 19. Rac1 Rac8 20. Re1 Nce7 21. a4 Nf4 22. Bb7 Rxc1 23. Bxc1 Ned5 24. Bxd5 Nxd5 25. Bh6 f6 26. Rc1 Kf7 27. Bd2 Ke6 28. Kf1 Kd7 29. Ke2 Rc8 30. Rxc8 Kxc8 31. Kd3 Kd7 32. Kc4 Kc6 33. Bc1 a6 34. Bd2 f5 35. h4 b5+ 36. axb5+ axb5+ 37. Kd3 Nc7 38. Kc3 Kd5 39. Bf4 Ne6 40. Be5 b4+ 41. Kxb4 Nxd4 42. f4 Nc6+ 43. Kc3 Nxe5 44. fxe5 Kxe5 45. Kd3 Kf4 46. Ke2 Kg4 47. f3+ Kxh4 0-1